000 00414nam a2200169Ia 4500
008 131103s9999 xx 000 0 und d
040 _aLoreto College
041 _aEnglish
082 _aF
_bHIG
100 _aHiggins,Jack
245 4 _aThe Eagle has landed
_cJack Higgins
260 _aLondon
_bMacmillan Company
_c1975
300 _a346 p.
650 _aFiction in English
850 _aLCLIB
942 _cBK
999 _c17227
_d67706